| 000 | 00394nam a2200169Ia 4500 | ||
|---|---|---|---|
| 008 | 150909s9999 xx 000 0 und d | ||
| 041 | _aEnglish | ||
| 082 | _bCOO/COQ | ||
| 100 | _aCooke G E | ||
| 100 | _eAuthor | ||
| 245 | _aControl of soil fertility | ||
| 260 | _aLondon | ||
| 260 | _bEnglish Language Book Society | ||
| 260 | _c1967 | ||
| 650 | _aSoil conditioners | ||
| 942 | _cBK | ||
| 999 |
_c249999 _d249999 |
||